KOHA-Header-6

آخری معرکہ (Record no. 13539)

000 -LEADER
fixed length control field 00321nam a22001217a 4500
082 ## - DEWEY DECIMAL CLASSIFICATION NUMBER
Classification number 808.84
Item number ن س ی
100 ## - MAIN ENTRY--AUTHOR NAME
Personal name نسیم حجازی
245 ## - TITLE STATEMENT
Title آخری معرکہ
260 ## - PUBLICATION, DISTRIBUTION, ETC. (IMPRINT)
Place of publication کراچی
Name of publisher جہانگیر بک ڈپو
Year of publication ٢٠٠٥
300 ## - PHYSICAL DESCRIPTION
Number of Pages ٥٩٢ صفحات
650 ## - SUBJECT ADDED ENTRY--TOPICAL TERM
Topical Term Aakhri maarka, Novel
942 ## - ADDED ENTRY ELEMENTS (KOHA)
Koha item type Books
Holdings
Withdrawn status Lost status Collection code Permanent Location Current Location Shelving location Date acquired Full call number Accession Number Koha item type
    Urdu Literature MAJU MAJU Shelf No.A10 2022-12-07 808.84 ن س ی 10623 Books

Powered by Koha